[Event "Titled Tuesday intern op 24th Febr"]
[Site "Chess.com INT"]
[Date "2015.02.24"]
[Round "9"]
[White "Neiksans, Arturs"]
[Black "Mucobega, Jaup"]
[Result "1-0"]
[WhiteElo "2565"]
[BlackElo "2160"]
[PlyCount "71"]
[EventDate "2015.02.24"]
[EventType "swiss (blitz)"]
[EventRounds "9"]
[EventCountry "USA"]
[SourceTitle "EXT 2021"]
[Source "ChessBase"]
[SourceDate "2020.10.23"]
[SourceVersion "1"]
[SourceVersionDate "2020.10.23"]
[SourceQuality "1"]

1. d4 d5 2. c4 c6 3. Nf3 Nf6 4. e3 Bg4 5. Nc3 e6 6. h3 Bxf3 7. Qxf3 Nbd7 8. Bd3 Bb4 9. 0-0 0-0 10. Bd2 Re8 11. a3 Bxc3 12. Bxc3 dxc4 13. Bxc4 Nd5 14. Bd2 e5 15. e4 N5f6 16. Qb3 Re7 17. Bb4 c5 18. dxc5 Nxe4 19. Qe3 a5 20. Qxe4 axb4 21. axb4 Rb8 22. Rfd1 Qc7 23. Rd6 Nf6 24. Qd3 Ne8 25. Rd1 b6 26. Rd7 Rxd7 27. Qxd7 Qxd7 28. Rxd7 bxc5 29. bxc5 Rxb2 30. Bxf7+ Kf8 31. Bxe8 Kxe8 32. Rxg7 Rc2 33. Rxh7 Rxc5 34. Kh2 Rc3 35. Rh5 e4 36. Re5+ 1-0